อนุสรณ์ ปรีดี พนมยงค์ ภาค 2 (ระเบียนเลขที่ 6978)
| 000 -LEADER | |
|---|---|
| fixed length control field | 00632nam a22001937a 4500 |
| 005 - DATE AND TIME OF LATEST TRANSACTION | |
| control field | 20210325175523.0 |
| 008 - FIXED-LENGTH DATA ELEMENTS--GENERAL INFORMATION | |
| fixed length control field | s2526 th tha d |
| 041 ## - LANGUAGE CODE | |
| Language code of text/sound track or separate title | tha |
| 050 ## - LIBRARY OF CONGRESS CALL NUMBER | |
| Classification number | CT1548 ส7 |
| 100 0# - MAIN ENTRY--PERSONAL NAME | |
| Personal name | พัชรินทร์ สิรสุนทร |
| 245 10 - TITLE STATEMENT | |
| Title | อนุสรณ์ ปรีดี พนมยงค์ ภาค 2 |
| 260 3# - PUBLICATION, DISTRIBUTION, ETC. | |
| Place of publication, distribution, etc. | กรุงเทพฯ : |
| Name of publisher, distributor, etc. | จิรวรรณนุสรณ์, |
| Date of publication, distribution, etc. | 2526 |
| 300 ## - PHYSICAL DESCRIPTION | |
| Extent | 360 หน้า |
| 650 04 - SUBJECT ADDED ENTRY--TOPICAL TERM | |
| Topical term or geographic name entry element | ปรีดี พนมยงค์, 2443--2526 |
| 850 ## - HOLDING INSTITUTION | |
| Holding institution | NALT |
| 942 ## - ADDED ENTRY ELEMENTS (KOHA) | |
| Koha item type | General Book |
| Koha issues (borrowed), all copies | 1 |
| 997 ## - | |
| -- | 000000000006978 |
| 998 ## - LOCAL CONTROL INFORMATION (RLIN) | |
| -- | SOPAPORN |
| Withdrawn status | Lost status | Damaged status | Not for loan | Collection code | Home library | Current library | Total Checkouts | Full call number | Barcode | Date last seen | Date last checked out | Copy number | Price effective from | Koha item type | Shelving location | Date acquired |
|---|---|---|---|---|---|---|---|---|---|---|---|---|---|---|---|---|
| General Book collection | National Assembly Library of Thailand | National Assembly Library of Thailand | 1 | CT 1548 ส7 | 3961101116 | 01/12/2017 | 17/11/2017 | ฉ. 2 | 09/06/2017 | General Book | ||||||
| Withdrawn for donation | Withdrawing | General Book collection | National Assembly Library of Thailand | National Assembly Library of Thailand | CT 1548 ส7 | 3961101115 | 09/06/2017 | ฉ. 1 | 09/06/2017 | General Book | Donation box | 12/10/2021 |
